| 000 | 00676nam a2200217 a 4500 | ||
|---|---|---|---|
| 999 |
_c2768 _d2768 |
||
| 001 | 2768 | ||
| 003 | BD-JhCC | ||
| 005 | 20171106183957.0 | ||
| 008 | 171106s1372 bg |||| ||a| 00| 0 ben d | ||
| 035 | _a(BD-JhCC)2768 | ||
| 040 |
_aBD-JhCC _dBD-JhCC |
||
| 041 | _aben | ||
| 082 |
_a891.443 _bDEP 1372 |
||
| 100 | _aদীপঙ্কর | ||
| 245 |
_aআঁধার অম্বরে / _cদীপঙ্কর |
||
| 260 |
_aকোলকাতা : _bএম. সি. সরকার অ্যান্ড সন্স প্রাইভেট লিমিটেড, _c1372. |
||
| 300 |
_a244 p. : _c20 cm. |
||
| 650 | _aBengali Novel | ||
| 942 |
_2ddc _cBK |
||